Vista normal
Vista MARC
Entrada Materia (personas)
Número de registros utilizados en: 2
001 - CONTROL NUMBER
- control field: 121256
003 - CONTROL NUMBER IDENTIFIER
- control field: Co-BoUCM
005 - DATE AND TIME OF LATEST TRANSACTION
- control field: 20211020092249.0
008 - FIXED-LENGTH DATA ELEMENTS
- fixed length control field: 211020|| aca||aabn | a|a d
040 ## - CATALOGING SOURCE
- Original cataloging agency: Co-BoUCM
- Transcribing agency: Co-BoUCM
100 ## - HEADING--PERSONAL NAME
- Personal name: Secondat, Charles-Louis de
- Titles and other words associated with a name: Barón de Montesquieu
- Dates associated with a name: 1689-1755
- General subdivision: Pensamiento político
670 ## - SOURCE DATA FOUND
- Source citation: Work cat.: (Co-BoUCM)26709: Iglesias, María Del Carmen 121255, El pensamiento de Montesquieu política y ciencia natural, 1984